000 00712nam a2200241Ia 4500
003 OSt
005 20220925231828.0
006 a|||||r|||| 00| 0
007 ta
008 220923b |||||||| |||| 00| 0 eng d
037 _cGeneral Book
040 _aRTL
_cRTL
_beng
041 _2eng
_aeng
082 _aX:8, L1
100 _aFordyce Jack K
_9296190
245 0 _aManaging with people
_b A manager's handbook of org
260 _aMassachusetts
_bAddison-Wesley
_c1971
300 _axv, 192p Bibliography p 185-7
_ccm.
650 _aManagement
_930681
700 _a Well Raymond
_9296191
942 _hX:8, L1
_cGB
_2CC
999 _c589553
_d589553